Contemporary Military Strategy / (Record no. 186346)
[ view plain ]
| 000 -LEADER | |
|---|---|
| fixed length control field | 00877 a2200169 4500 |
| 003 - CONTROL NUMBER IDENTIFIER | |
| control field | NUST |
| 005 - DATE AND TIME OF LATEST TRANSACTION | |
| control field | 20221228135013.0 |
| 082 ## - DEWEY DECIMAL CLASSIFICATION NUMBER | |
| Classification number | 355.4,HAL |
| 100 ## - MAIN ENTRY--PERSONAL NAME | |
| Personal name | Halperin, Moton H. |
| 9 (RLIN) | 106223 |
| 245 ## - TITLE STATEMENT | |
| Title | Contemporary Military Strategy / |
| Statement of responsibility, etc. | Morton H. Halperin |
| 260 ## - PUBLICATION, DISTRIBUTION, ETC. | |
| Place of publication, distribution, etc. | London |
| Name of publisher, distributor, etc. | Little Brown |
| Date of publication, distribution, etc. | 1972 |
| 300 ## - PHYSICAL DESCRIPTION | |
| Extent | 156,p.; |
| 505 ## - FORMATTED CONTENTS NOTE | |
| Formatted contents note | The role of force in Nuclear age (Page-3), Warfare in the Nuclear Age (Page-14), Qualities and Quantitative research Methods (Page-33), Soviet Military Strategy (Page-56), Chinese Military Strategy (Page-66), General War (Page-77), Limited War (Page-88), Deterrence and Defense in Europe (Page-100), NATO Nuclear Relations (Page-112), Deterrence and Defense in Asia (Page-122), Counter Insurgency (Page-135), Arms Control (Page-143). |
| 600 ## - SUBJECT ADDED ENTRY--PERSONAL NAME | |
| Personal name | Morton H.Halperin |
| 9 (RLIN) | 106224 |
| 650 ## - SUBJECT ADDED ENTRY--TOPICAL TERM | |
| Topical term or geographic name entry element | Military Strategy |
| 9 (RLIN) | 106225 |
| 942 ## - ADDED ENTRY ELEMENTS (KOHA) | |
| Source of classification or shelving scheme | |
| Koha item type | Book |
| Call number prefix | 355.4,HAL |
| Withdrawn status | Lost status | Source of classification or shelving scheme | Damaged status | Not for loan | Permanent Location | Current Location | Shelving location | Date acquired | Full call number | Barcode | Date last seen | Price effective from | Koha item type | Public note |
|---|---|---|---|---|---|---|---|---|---|---|---|---|---|---|
| Military College of Signals (MCS) | Military College of Signals (MCS) | General Stacks | 12/12/2016 | 355.4,HAL | MCS21705 | 12/08/2016 | 12/12/2016 | Book | Almirah No.53, Shelf No.3 | |||||
| Military College of Signals (MCS) | Military College of Signals (MCS) | General Stacks | 12/12/2016 | 355.4,HAL | MCS21706 | 12/08/2016 | 12/12/2016 | Book | Almirah No.53, Shelf No.3 | |||||
| Military College of Signals (MCS) | Military College of Signals (MCS) | General Stacks | 12/12/2016 | 355.4,HAL | MCS21780 | 12/08/2016 | 12/12/2016 | Book | Almirah No.53, Shelf No.3 | |||||
| Military College of Signals (MCS) | Military College of Signals (MCS) | General Stacks | 12/12/2016 | 355.4,HAL | MCS21781 | 12/08/2016 | 12/12/2016 | Book | Almirah No.53, Shelf No.3 |
